| 000 | 01854cam a22004577a 4500 | ||
|---|---|---|---|
| 003 | CHAP | ||
| 005 | 20220817043459.0 | ||
| 008 | 981014s1998 mx b r 00010 spa d | ||
| 010 | _a76377 | ||
| 011 | _a77349 | ||
| 022 | 0 | _a1405-7336 | |
| 035 | _a86954 | ||
| 040 | _cCHAP | ||
| 090 | _aFolleto 15315 | ||
| 110 | 2 |
_aMexico. Centro de Estadística Agropecuaria. _975277 |
|
| 245 | 1 | 0 |
_aSituación actual y perspectiva de la apicultura en México _c/por Centro de Estadística Agropecuaria |
| 260 |
_aMéxico, D.F. : _bSecretaría de Agricultura, Ganadería y Desarrollo Rural, _c1998- |
||
| 300 |
_av. : _bcuadros ; gráfs. ; mapas ; anexo |
||
| 500 | _aLa biblioteca tiene: 1990-1998, 1990-2000, 2000 | ||
| 590 |
_aBATCH-UPD _b10 _c20130109 _lUCH01 _h2332 |
||
| 590 |
_aBATCH-UPD _b10 _c20130110 _lUCH01 _h0132 |
||
| 590 |
_aBATCH-UPD _b10 _c20130110 _lUCH01 _h1046 |
||
| 590 |
_aBATCH-UPD _b10 _c20130409 _lUCH01 _h1858 |
||
| 590 |
_aBATCH-UPD _b10 _c20130410 _lUCH01 _h0644 |
||
| 590 |
_aBATCH-UPD _b10 _c20130914 _lUCH01 _h0912 |
||
| 590 |
_aCONVERSION _b10 _c20130109 _lUCH01 _h1342 |
||
| 650 | 1 | 4 |
_aApicultura _xEstadisticas. _96260 |
| 650 | 1 | 4 |
_aApicultura _xMexico. _96268 |
| 650 | 1 | 4 | _aCera de abejas. |
| 650 | 1 | 4 |
_aMiel de abejas. _975562 |
| 700 | 0 |
_aLastra Marín, Ignacio de Jesús. _965056 |
|
| 710 | 0 |
_aMéxico. _bSecretaría de Agricultura, Ganadería y Desarrollo Rural |
|
| 901 | _aBK | ||
| 905 | _aAlejandra Carrasco M. | ||
| 942 | _cFOLL | ||
| 949 |
_aFolleto 15315 _bBC _cFOLL _d33724002127314 _eTS2 _f2000 _i86954 _sb |
||
| 949 |
_aFolleto 15315 _bBC _cFOLL _d869541 _eTS1 _f(1990-1998) _i86954 _sb |
||
| 949 |
_aFolleto 15315 _bBC _cFOLL _d869542 _eTS2 _f(1990-1998) c.2 _i86954 _kDonaciØn _sb |
||
| 949 |
_aFolleto 15315 _bBC _cFOLL _d869543 _eTS2 _f(1990-1998) c.3 _i86954 _sb |
||
| 949 |
_aFolleto 15315 _bBC _cFOLL _d869544 _eTS1 _f(1990-2000) _i86954 _sb |
||
| 999 |
_c76377 _d76377 |
||